Statistics for Country by letter #9: All countries starting with the letter I

Click here to take the quiz!

General Stats

  • This quiz has been taken 22 times
  • The average score is 7 of 8

Answer Stats

HintAnswer% Correct
AsiaIran
95%
AsiaIraq
95%
EuropeIceland
90%
AsiaIndia
90%
AsiaIndonesia
90%
EuropeIreland
90%
EuropeItaly
90%
AsiaIsrael
76%

Score Distribution

Percentile by Number Answered

Percent of People with Each Score

Your Score History

You have not taken this quiz